Statystyki dla Najrzadziej zgadywane pierwiastki

Kliknij tutaj aby rozwiązać quiz!

Ogólne statystyki

  • Ten quiz został rozwiązany 8 razy
  • Średni wynik to 8 z 20

Statystyki odpowiedzi

% odgadniętePierwiastek% Poprawnych
10%Flerow
86%
11%Ferm
57%
11%Gadolin
57%
12%Lorens
57%
12%Lutet
57%
12%Tul
57%
11%Berkel
43%
11%Darmsztadt
43%
10%Meitner
43%
11%Samar
43%
12%Tenes
43%
9%Dysproz
29%
11%Holm
29%
10%Liwermor
29%
11%Nihon
29%
11%Prazeodym
29%
11%Promet
29%
11%Protaktyn
29%
12%Seaborg
29%
11%Terb
14%

Rozkład punktacji

Percentyl według liczby udzielonych odpowiedzi

Procent ludzi z każdym wynikiem

Twoja historia wyników

Nie rozwiązałeś tego quizu